000 00857nam a2200205 a 4500
001 000041993
005 20201002035855.0
008 131007s2005 sp 000 0 spa d
020 _a8400083415
040 _aDO-SdBNP
_bspa
_cBNPHU
100 1 _aSevilla Soler, Rosario
_959378
245 1 0 _aLa revolución mexicana y la opinión pública española :
_bla prensa sevillana frente al proceso de insurrección /
_cRosario Sevilla Soler.
260 _aMadrid :
_bConsejo Superior de Investigaciones Científicas,
_c2005.
300 _a249 p. ;
_c25 cm.
490 1 _aBiblioteca de historia de América
_v34
504 _aBibliografía : p. 243-249
504 _aIncluye referencias bibliográficas y notas al pie de las páginas
710 2 _aConsejo Superior de Investigaciones Científicas,
_94786
830 0 _aBiblioteca de historia de América
_v34
_966078
999 _c41482
_d41482